| 000 | 00776nam a2200241Ia 4500 | ||
|---|---|---|---|
| 003 | OSt | ||
| 005 | 20220923223517.0 | ||
| 006 | a|||||r|||| 00| 0 | ||
| 007 | ta | ||
| 008 | Pun | ||
| 024 | _a218,375 | ||
| 037 | _cTextual | ||
| 040 |
_aARTS _cARTS _bPun |
||
| 041 |
_2Pun _aPun |
||
| 082 | _aO153,1J39:g, N2;P2 | ||
| 100 |
_aਢਿਲੋਂ, ਹਰਜਿੰਦਰ ਸਿੰਘ _9156370 |
||
| 245 | 0 | _aਸੂਫ਼ੀ ਕਵੀ Fਾਹ ਹੂਸੌਨ | |
| 260 |
_aਅੰਮ੍ਰਿਤਸਰ _b ਵਾਰਿਸ Fਾਹ ਫਾਓੁਡੇFਨ _c2002 |
||
| 300 |
_a286ਪੰ _ccm. |
||
| 650 | _aਪੰਜਾਬੀ ਸਾਹਿਤ | ||
| 942 |
_hO153,1J39:g, N2;P2 _cTEXL _2CC |
||
| 999 |
_c365836 _d365836 |
||